000 004760000a22001810004500
041 0 _aSPA
082 0 4 _aG 230 W6765j
100 1 _aWiley, H. Orton (Henry) (b. 1877)
245 1 0 _aChristian theology / H. Orton Wiley
260 _aKansas City, MO., USA : Beacon Hill
300 _a487 Pag
650 1 4 _aTEOLOGIA DOGMATICA
001 3298
942 _cBK
999 _c33978
_d33978
336 _atexto
_btxt
_2rdacontent
337 _2rdamedia
_asin mediación
_bn
338 _2rdacarrier
_avolumen
_bnc